Responses for Show #8884 - Thursday, June 1, 2023

Jared Watson game 1.

Contestants

[<< previous game]

Eva Thomas, an attorney from Brooklyn, New York

Jared Watson, a quality control specialist from Greenville, Texas

Ilhana Redzovic, an investment associate from Chicago, Illinois (whose 2-day cash winnings total $30,800)

[next game >>]

Jeopardy! Round responses

BIOPICS
THE OPERETTAS OF GILBERT & SULLIVAN
3 THINGS ABOUT THE CITY
SWEET SPOTS
STUFF TO WEAR
"B" NICE
    $200 27
Braveheart

Jared
    $200 30
Mount Olympus

Eva
    $200 29
Salt Lake City

Eva
    $200 28
s'mores

Eva
    $200 8
socks

Jared
    $200 22
bubbly

Ilhana
    $400 23
P.T. Barnum

Ilhana
    $400 18
[Ilhana did not include the leading article in her response.]

The Mikado

Ilhana
    $400 26
(Ilhana: What's... Mogadishu?)

Shanghai

Ilhana
Triple Stumper
    $400 24
Hershey

Jared
    $400 7
a muffler

Eva
    $400 21
beaming

Eva
    $600 9
[Mayim corrects "Roe-bee" to "Raw-bee".]

(Margot) Robbie

Ilhana
    $600 19
major general

Eva
    $600 12
Cologne

Ilhana
    $600 13
cake pops

Ilhana
    $600 4
a promise ring

Ilhana
    $600 1
Benevolent

Ilhana
    $800 10
A Beautiful Mind

Eva
    $800 20
gondoliers

Ilhana
    $800 16
Sydney

Eva
    $800 14
Serendipity

Eva
    $800 5
a cloche

Eva
    $800 2
bonny

Eva
    $1000 11
Reese Witherspoon

Ilhana
    $1,000 25
(Jared: I, I do not know.)

the H.M.S. Pinafore

Jared
    $1000 17
Buenos Aires

Ilhana
    $1000 15
(Jared: What are macaroons?)
(Mayim: Yes, or [*].)

macarons

Jared
    $1000 6
a sheath

Eva
    $1000 3
(Jared: What's a beneficiary?)

bequest

IlhanaJared

Scores at the first commercial break (after clue 15):

Ilhana Jared Eva
$5,000 $200 $4,600

Scores at the end of the Jeopardy! Round:

Ilhana Jared Eva
$7,400 -$200 $7,000

Double Jeopardy! Round responses

BIO PICS
SECOND BOOK IN THE SERIES
(Mayim: It's the series you'll need to name.)
"MAN" O' WAR
POTPOURRI
TV
NOT YOUR EVERYDAY WORDS
    $400 30
(Ilhana: What's sole?)

a flounder

Ilhana
Triple Stumper
    $400 21
(Eva: What is A Song of Fire and Ice?)

A Song of Ice and Fire

JaredEva
    $400 29
(Eva: What is chief of the Space Force?)

a chairman

Eva
Triple Stumper
    $400 28
Chuck E. Cheese

Jared
    $400 27
George Costanza

Eva
    $400 26
hooks

Eva
    $800 19
metacarpals

Jared
    $800 20
the Percy Jackson books

Eva
    $800 22
(William T.) Sherman

Jared
    $800 23
Mr. Pibb

Eva
    $800 24
(Kate) McKinnon

Jared
    $800 25
stucco (plaster)

Eva
    $1200 13
a double helix

Jared
    $1200 1
(Ilhana: What's Hunger Games?)

The Girl with the Dragon Tattoo (the Millennium series)

IlhanaEva
    $1200 10
(Ilhana: What's... Red Baron?)
(Jared: Who is Erich von Richthofen?)

Manfred

IlhanaJared
Triple Stumper
    $1200 7
(the University of) Oregon

Eva
    $1200 4
[Mayim corrects "Len-nuh" to "Lee-nuh".]

Lena Dunham

Eva
    $1200 16
handicapping

Triple Stumper
    $1600 14
mitosis

Eva
    $1600 2
The Maze Runner

Triple Stumper
    $3,000 11
(Jared: I'm 0 for 2, I don't know.)

a minuteman

Jared
    $1600 8
(Mayim: Yes, the next one will be 12/12/2121.)

a palindrome

Eva
    $1600 5
Andor

Jared
    $2,000 17
a megaparsec

Jared
    $2000 15
flagella

Jared
    $2000 3
Bill Hodges

Triple Stumper
    $2000 12
Manila

Jared
    $2000 9
Io

Jared
    $2000 6
NewsRadio

Jared
    $2000 18
hermeneutics

Triple Stumper

Scores at the end of the Double Jeopardy! Round:

Ilhana Jared Eva
$4,600 $11,600 $16,200

[wagering suggestions for these scores]

Final Jeopardy! Round responses

COUNTRY NAMES
(Mayim: [To Ilhana] Islamabad is the capital of the Islamic Republic of [*].)
IlhanaWhat is Pakistan?
$4,600
JaredWhat is Pakistan?
$2,400
EvaWhat is Oman
$5,599
Pakistan

Final scores:

Ilhana Jared Eva
$9,200 $14,000 $10,601
3rd place: $1,000 New champion: $14,000 2nd place: $2,000

Game dynamics:

Coryat scores:

Ilhana Jared Eva
$4,600 $15,200 $16,200
12 R,
4 W
16 R
(including 1 DD),
4 W
(including 2 DDs)
22 R,
2 W

Combined Coryat: $36,000

[game clues] [game scores] [suggest correction]

Game tape date: 2023-03-24
The J! Archive is created by fans, for fans. Scraping, republication, monetization, and malicious use prohibited; this site may use cookies and collect identifying information. See terms. The Jeopardy! game show and all elements thereof, including but not limited to copyright and trademark thereto, are the property of Jeopardy Productions, Inc. and are protected under law. This website is not affiliated with, sponsored by, or operated by Jeopardy Productions, Inc. Join the discussion at JBoard.tv.